000 00296 a2200133 4500
005 20250629143932.0
020 _a9781800244900
082 _a823.92 HUR
100 _aHURLEY, G
245 _aEstocada
260 _aUnited Kingdoms
_bHead of Zeus
_c2018.
300 _a479p.
_c19cm
942 _2ddc
_cBKS
999 _c6408
_d6408